Operating systems : (Record no. 13514)

MARC details
000 -LEADER
fixed length control field 00669nac a22001811u 4500
008 - FIXED-LENGTH DATA ELEMENTS--GENERAL INFORMATION
fixed length control field 100228t xxu||||| |||| 00| 0 eng d
010 ## - LIBRARY OF CONGRESS CONTROL NUMBER
LC control number 2004274094
020 ## - INTERNATIONAL STANDARD BOOK NUMBER
International Standard Book Number 8121931649
082 04 - DEWEY DECIMAL CLASSIFICATION NUMBER
Classification number 005.43
Item number 22
Edition number CHO
100 ## - MAIN ENTRY--PERSONAL NAME
Personal name Chopra, Rajiv.
9 (RLIN) 11925
245 10 - TITLE STATEMENT
Title Operating systems :
Statement of responsibility, etc Rajiv Chopra.
Remainder of title A practical approach /
260 ## - PUBLICATION, DISTRIBUTION, ETC. (IMPRINT)
Place of publication, distribution, etc New Delhi :
Name of publisher, distributor, etc S. chand,
Date of publication, distribution, etc c.2009.
300 ## - PHYSICAL DESCRIPTION
Extent 495 p. :
Other physical details ill. ;
Dimensions 24 cm.
500 ## - GENERAL NOTE
General note Includes index.
650 #0 - SUBJECT ADDED ENTRY--TOPICAL TERM
Topical term or geographic name as entry element Operating systems (Computers)
9 (RLIN) 11926
942 ## - ADDED ENTRY ELEMENTS (KOHA)
Item type Book - Borrowing
Call number prefix 005.43 CHO
Source of classification or shelving scheme Dewey Decimal Classification
Holdings
Withdrawn status Item status Source of classification or shelving scheme Damaged status Not for loan Vendor Home library Current library Shelving location Date acquired Source of acquisition Cost, normal purchase price Serial Enumeration / chronology Total Checkouts Full call number Barcode Date last seen Koha item type
    Dewey Decimal Classification     Alahram Central Library Central Library Lower Floor 28/02/2010   75.00 33   005.43 CHO 000019866 15/07/2025 Book - Borrowing